Statistiken für Größte Gemeinden Österreichs mit "R"

Klicken Sie hier um das Quiz zu spielen!

Allgemein

  • Dieses Quiz wurde 50 mal gespielt
  • Das Durchschnittsergebnis liegt bei 6 aus 10

Antwortstatistiken

EinwohnerBezirkBundeslandGemeinde% Korrekt
6.772ReutteTirolReutte
100%
12.055Ried im InnkreisOberösterreichRied im Innkreis
100%
5.160RohrbachOberösterreichRohrbach-Berg
94%
11.837FeldkirchVorarlbergRankweil
61%
9.239Innsbruck-LandTirolRum
58%
6.700VöcklabruckOberösterreichRegau
50%
5.788Spittal an der DrauKärntenRadenthein
47%
4.804St. Johann im PongauSalzburgRadstadt
47%
5.217LiezenSteiermarkRottenmann
47%
4.953SüdoststeiermarkSteiermarkRiegersburg
28%

Verteilung der Resultate

Perzentil nach korrekt beantworteten Fragen

Anzahl Personen mit jedem Resultat

Ihre Resultats-Entwicklung

Sie haben dieses Quiz noch nicht gespielt